Industrial and commercial wiring / (Record no. 190920)

000 -LEADER
fixed length control field 00815 a2200181 4500
003 - CONTROL NUMBER IDENTIFIER
control field Nust
005 - DATE AND TIME OF LATEST TRANSACTION
control field 20221024155542.0
040 ## - CATALOGING SOURCE
Transcribing agency Nust
082 ## - DEWEY DECIMAL CLASSIFICATION NUMBER
Classification number 621.3,GRA
100 ## - MAIN ENTRY--PERSONAL NAME
Personal name Graham, Kennard C.
9 (RLIN) 59176
245 ## - TITLE STATEMENT
Title Industrial and commercial wiring /
Statement of responsibility, etc. Kennard C. Graham
260 ## - PUBLICATION, DISTRIBUTION, ETC.
Place of publication, distribution, etc. American
Name of publisher, distributor, etc. American technical society . Chicago
Date of publication, distribution, etc. 1955
300 ## - PHYSICAL DESCRIPTION
Extent 282 p
440 ## - SERIES STATEMENT/ADDED ENTRY--TITLE
Title Electrical Wiring
9 (RLIN) 101281
505 ## - FORMATTED CONTENTS NOTE
Formatted contents note Industrial and Commercial Methods (Page-1), Electric Lamps (Page-34), Lighting Resign (Page-76), wiring for Motors (Page-98), Transformers , Capacitors and Generations (Page-146), Services – Interior Distribution (Page-167), Industrial and Commercial Calculations (Page-198), Special Application – Hazards (Page-228).
650 ## - SUBJECT ADDED ENTRY--TOPICAL TERM
Topical term or geographic name entry element Industrial and commercial wiring
9 (RLIN) 101282
942 ## - ADDED ENTRY ELEMENTS (KOHA)
Source of classification or shelving scheme
Koha item type Book
Holdings
Withdrawn status Lost status Source of classification or shelving scheme Damaged status Not for loan Permanent Location Current Location Shelving location Date acquired Full call number Barcode Date last seen Price effective from Koha item type Public note
          Military College of Signals (MCS) Military College of Signals (MCS) General Stacks 12/12/2016 621.3,GRA MCS5543 12/08/2016 12/12/2016 Book Almirah No.28, Shelf No.2
© 2023 Central Library, National University of Sciences and Technology. All Rights Reserved.